书目信息 |
| 题名: |
黄帝内经五脏六腑养护手册
|
|
| 作者: | 樊岚岚 编著 | |
| 分册: | ||
| 出版信息: | 西安 陕西科学技术出版社 2018.01 |
|
| 页数: | 271页 | |
| 开本: | 24cm | |
| 丛书名: | ||
| 单 册: | ||
| 中图分类: | R221.09 | |
| 科图分类: | ||
| 主题词: | 脏腑--养生(中医)--基本知识 | |
| 电子资源: | ||
| ISBN: | 978-7-5369-7087-8 | |
| 000 | 00859nam0 2200229 450 | |
| 001 | 3733 | |
| 005 | 20181008140010.06 | |
| 010 | @a978-7-5369-7087-8@dCNY29.80 | |
| 100 | @a20180819d2018 em y0chiy50 ea | |
| 101 | 0 | @achi |
| 102 | @aCN@b610000 | |
| 105 | @aa z 000yy | |
| 200 | 1 | @a黄帝内经五脏六腑养护手册@9huang di nei jing wu zang liu fu yang hu shou ce@f樊岚岚编著 |
| 210 | @a西安@c陕西科学技术出版社@d2018.01 | |
| 215 | @a271页@c图@d24cm | |
| 330 | @a本书根据《黄帝内经》中有关脏腑的生理功能和特性的介绍与认识,结合现代人普遍存在的健康隐患进行编写,书中详细介绍了脏腑的生理功能,病变的表现,养护的季节、食物、禁忌以及它们之间的相互影响。 | |
| 605 | @a《内经》@x研究 | |
| 606 | 0 | @a脏腑@x养生(中医)@x基本知识 |
| 690 | @aR221.09@v5 | |
| 701 | 0 | @a樊岚岚@9fan lan lan@c(女)@4编著 |
| 801 | 0 | @aCN@b91MARC@c20180819 |
| 905 | @aMuseLib@dR221.09@e457 | |
| 黄帝内经五脏六腑养护手册/樊岚岚编著.-西安:陕西科学技术出版社,2018.01 |
| 271页:图;24cm |
| ISBN 978-7-5369-7087-8:CNY29.80 |
| 本书根据《黄帝内经》中有关脏腑的生理功能和特性的介绍与认识,结合现代人普遍存在的健康隐患进行编写,书中详细介绍了脏腑的生理功能,病变的表现,养护的季节、食物、禁忌以及它们之间的相互影响。 |
| ● |
| 相关链接 |
|
|
|
|
正题名:黄帝内经五脏六腑养护手册
索取号:R221.09/457
 
预约/预借
| 序号 | 登录号 | 条形码 | 馆藏地/架位号 | 状态 | 备注 |
| 1 | 1123457 | 211234573 | 第二样本阅览室/ [索取号:R221.09/457] | 在馆 | |
| 2 | 1123458 | 211234582 | 密集书库-生命科学系/ [索取号:R221.09/457] | 在馆 | |
| 3 | 1123459 | 211234591 | 第三借阅区/ [索取号:R221.09/457] | 在馆 | |
| 4 | 1123460 | 211234608 | 第三借阅区/ [索取号:R221.09/457] | 在馆 | |
| 5 | 1123461 | 211234617 | 第三借阅区/ [索取号:R221.09/457] | 在馆 |